Birds of the world

Bibliographic Details
Main Author: Comber, Richard
Format: Book
Published: Surrey : Colour Library Books , 1991
Subjects:

MARC

LEADER 00000cam a2200000 7i4500
001 0000001955
002 000002123
005 20000330.0
020 |a 0862838061 
090 0 0 |a 598   |b COM 
100 1 |a Comber, Richard 
245 1 0 |a Birds of the world   |c Richard Comber 
260 |a Surrey :   |b Colour Library Books ,   |c 1991 
300 |a 240p. :   |b Illust 
650 0 0 |a Birds   |x Classification 
650 0 0 |a Birds   |x Identification 
650 0 0 |a Birds   |x World 
999 |a 028067   |b BUKU   |c RUJUKAN   |e PERPUSTAKAAN KOMUNITI PETALING JAYA